| 000 | 00457nam a22001577a 4500 | ||
|---|---|---|---|
| 999 |
_c524640 _d524640 |
||
| 003 | NUST | ||
| 038 | _aMr. Zahoor | ||
| 082 | _a621.3 | ||
| 100 |
_aMamoona Bashir, _915443 |
||
| 245 | _aDesigning and Development of active layer ( VO ) for Un- cooled Micro-bolometer Sensor / | ||
| 260 |
_aIslamabad : _bCEME - NUST, _c2013. |
||
| 300 | _axv, 109 p. : ill, ; | ||
| 500 | _aHardcover. | ||
| 600 | _2Electrical Engineering - MSc Thesis | ||
| 942 |
_2ddc _cTHE |
||